• 首页
  • 本馆介绍
  • 公告通知
  • 最新文献
  • 馆藏检索
  • 电子资源
  • 读者导购
  • 参考咨询
  • 我的图书馆
  • 登录
  • 详细信息显示
  • 放入我的书架
  • 预约/预借图书
  • 作者相关作品
  • 分类相关作品
  • 丛书相关作品
  • 出版社相关作品

书目信息

  • 表格格式
  • 工作单格式
  • 卡片格式
题名:
数据结构
    
 
作者: 殷人昆 主编
分册:  
出版信息: 北京   清华大学出版社  2007.06
页数: 10, 512页
开本: 26cm
丛书名:
单 册:
中图分类: TP311.12 , TP312
科图分类:
主题词: 数据结构--高等学校--教材 , C语言--Cyu yan , 数据结构--shu ju jie gou
电子资源:
ISBN: 978-7-302-14811-1
000 01089nam0 2200301 450
001 0106081820
005 20201109085949.81
010    @a978-7-302-14811-1@dCNY59.00
100    @a20070327e20192007em y0chiy50 ea
101 0  @achi
102    @aCN@b110000
105    @ay z 000yy
106    @ar
200 1  @a数据结构@Ashu ju jie gou@e用面向对象方法与C++语言描述@f殷人昆主编
205    @a2版
210    @a北京@c清华大学出版社@d2007.06@h2019.10
215    @a10, 512页@d26cm
300    @a清华大学计算机系列教材
330    @a本书从面向对象的概念、对象类设计的风格和数据结构的层次开始,从线性结构到非线性结构,从简单到复杂,深入地探讨了各种数据结构内在的逻辑关系及其在计算机中的实现方式和使用。
517 1  @a用面向对象方法与C++语言描述@Ayong mian xiang dui xiang fang fa yuC ++ yu yan miao shu
606 0  @x数据结构@x高等学校@j教材
606 0  @aC语言@ACyu yan
606 0  @a数据结构@Ashu ju jie gou
690    @aTP311.12@v5
690    @aTP312@v5
701  0 @a殷人昆@Ayin ren kun@f(1945.12~)@4主编
801  0 @aCN@bBJSZM@c20201106
905    @b1192160-3@dTP311.12@e1518=2@f4
    
    数据结构:用面向对象方法与C++语言描述/殷人昆主编.-2版.-北京:清华大学出版社,2007.06(2019.10)
    10, 512页;26cm
    清华大学计算机系列教材
    
    ISBN 978-7-302-14811-1:CNY59.00
    本书从面向对象的概念、对象类设计的风格和数据结构的层次开始,从线性结构到非线性结构,从简单到复杂,深入地探讨了各种数据结构内在的逻辑关系及其在计算机中的实现方式和使用。
●
相关链接 在E读中查询图书 在五车中查询图书 在当当中查询图书 在豆瓣中查询图书


正题名:数据结构     索取号:TP311.12/1518=2         预约/预借

序号 登录号 条形码 馆藏地/架位号 状态 备注
1 1192160   211921606   第二样本阅览室/ [索取号:TP311.12/1518=2] 在馆    
2 1192161   211921615   第三借阅区/ [索取号:TP311.12/1518=2] 在馆    
3 1192162   211921624   第三借阅区/ [索取号:TP311.12/1518=2] 在馆    
4 1192163   211921633   第三借阅区/ [索取号:TP311.12/1518=2] 在馆    
唐山师范学院图书馆 欢迎您!
大连网信软件有限公司© 版权所有